Datum a čas kvízu
30.5
Celkem bodů
Celkový počet nahraných bodů na tomto kvízu bez doplňovacích otázek.
4.
Pořadí na kvízu
Konečné umístění týmu na tomto kvízu.
Zaznamenané odpovědi
| # | Otázka | Odpověď | Body | Výsledky |
|---|---|---|---|---|
| 1. | Čím konkrétně se na úterním za... | měli na sobě kroje | 0 | |
| 2. | Jistá země od noci na pátek na... | Kazachstán | 0 | |
| 3. | Minulý týden jsme se dozvěděli... | kameraman | 1 | |
| 4. | Úřad pro ochranu hospodářské s... | Pernod Ricard | 0 | |
| 5. | Jak se jmenuje dosavadní šéf Č... | Ivo Kaderka | 1 | |
| 6. | Napište český i latinský název... | kost stehenní, femur (os femoris) | 0.5 | |
| 7. | Ve kterém kraji České republik... | v Královéhradeckém | 0 | |
| 8. | Hlavní postava seriálu Sběrate... | Booth | 0 | |
| 9. | Která párová kost u psů a koní... | klíční kost (clavicula) | 0 | |
| 10. | V září roku 2012 byla pod park... | Richard III. | 1 |